00522 2200193 4500001002100000005001500021035002000036007000300056008004100059082000800100084001400108100002400122245004900146250001400195260003800209300003200247600002600279990002300305INLIS00000000000355620260530120040 a0010-0621000088ta260530 0  a550 a550 DIN m0 aDinar Muhammad Noor1 aMengenal Alam Semesta /cDinar Muhammad Noor a--Cet. 1. a--Jakarta :bRizky Aditya,c2008. a80 hlm. :billus. ;c21 cm. 4amengenal Alam semesta a8403/H/KAPD-PDG-09